000 01170cam a22002891i 4500
003 SA-RiAUC
005 20241011164721.0
008 241006s1997 su g f00000 ara c
020 _a9960031950
040 _aSD-KhSNL
_bara
_cSA-RiAUC
_erda
082 0 4 _a214.3
_qSA-RiAUC
090 _a214.3
_bغ ا ن
100 1 _aغانم، حسين مصطفى
_eمؤلف.
245 1 2 _aالإسلام وحماية البيئة من التلوث /
_cحسين مصطفى غانم.
250 _aالطبعة الأولى.
264 1 _aمكة المكرمة :
_bجامعة أم القرى، مركز بحوث الدراسات الإسلامية،
_c1997
300 _a272 صفحة ؛
_c24 سم.
336 _aنص
_btxt
_2rdacontent
_3كتاب
337 _aبدون وسيط
_bn
_2rdamedia
338 _aمجلد
_bnc
_2rdacarrier
490 0 _aسلسلة بحوث الدراسات الاسلامية
650 7 _aالإسلام وحماية البيئة
_2aucsh
650 7 _aحماية البيئة
_2aucsh
856 _uhttp://libback.uqu.edu.sa/hipres/e-book/eb161.pdf
_zالنص المختصر
942 _2ddc
_cBOOK
_n0
949 _aSA-JeALM
_d241006
_umohamedma123
_n1
999 _c1200
_d1200